000 00511 a2200181 4500
001 76096
005 20260331074306.0
010 _a978-972-23-5514-8
090 _a76096
100 _a20260331d2015 c||y0pory50 ba
200 _aO Principezinho para os mais pequeninos
_fAntoine de Saint-Exupřy
_gHelena Romô
205 _a
210 _aLisboa
_cPresenȧ
_d2015
215 _a7p.
675 _a82
_v
700 _aSaint-Exupřy
_bAntoine de
_f1900-1944
702 1 _aRomô
_bHelena
_4730
_949203
942 _cMON
_n0